00485nam a2200193 a 4500001001300000003000900013005001700022008004100039020001000080082001300090100001700103245003500120260004300155300000800198500003500206505001700241650001600258700001700274nice12345678IN_TiNIC20260116011419.0050524s1861 lona grp 000 0 per  ac10000a239bPFA aPfander, C G aTariqul Hayat and Other Books. aLondonbOxford University Press c1861 a85p aincludes index and biblioraphy2 aBibliography aApologetics1 aPfander, C G